000 00517nam a22001817a 4500
005 20251128143447.0
008 251128b xxu||||| |||| 00| 0 eng d
020 _a9788184571103(Set)
040 _aRBU-Library
041 _aEnglish
082 _a321.4
_bD997
100 _aBiju, M.R, ed.
_9591
245 _aDynamics of Modern Democracy:
_bThe Indian Expeience.
260 _aNew Delhi:
_bKanishka Publishers,
_c2009.
300 _a2v (xxvii,323p.;xxvii,712p.)
650 _aDemocracy, India
_9592
942 _cBK
999 _c123240
_d123240